00557nam a2200133Ia 4500008004100000041000800041082003100049100003600080245004700116260003700163300000900200999001900209952019500228230411s9999 xx 000 0 und d aeng aCH/610.7343/GUP/MAH/B01948 aGupta M C & Mahajan B K9176312 aTextbook of Preventive and Social Medicine bJaypee BrothersaNew Delhic2003 a646p c153186d153186 001040708CHaBTINbBTINd2004-10-06eB.J.Medical Co-oprative College Storesg395.00i1025l0oCH 610.7343 GUP MAH B01948pBTIN-BK-1948r2023-04-11 00:00:00v296.00w2007-02-22yBKzB01948